[Event "Prebor DDM 2006 A"]
[Site "?"]
[Date "2006.11.29"]
[Round "8"]
[White "Schmidt, Karel"]
[Black "Zuna, Zdenek"]
[Result "0-1"]
[WhiteElo "1634"]
[BlackElo "1769"]
[PlyCount "44"]
[EventDate "2006.10.04"]
[SourceDate "2006.11.29"]

1. d4 Nf6 2. c4 c5 3. d5 b5 4. Nc3 b4 5. Na4 d6 6. Qc2 Qa5 7. b3 g6 8. Bb2 Bf5
9. Qc1 Bg7 10. f3 Bd7 11. Kf2 Bxa4 12. bxa4 Qxa4 13. g4 Nbd7 14. e4 Ne5 15.
Bxe5 dxe5 16. Bd3 Qd7 17. Qb2 O-O 18. Ne2 e6 19. Ng3 exd5 20. cxd5 Nxd5 21.
Rad1 Nc3 22. Rd2 Bh6 0-1

[Event "Prebor DDM 2006 A"]
[Site "?"]
[Date "2006.11.29"]
[Round "9"]
[White "Nemec, Jan"]
[Black "Krivanek, Vladimir"]
[Result "0-1"]
[WhiteElo "1887"]
[BlackElo "2122"]
[PlyCount "70"]
[EventDate "2006.10.04"]
[SourceDate "2006.11.29"]

1. e4 Nc6 2. Nc3 g6 3. f4 Bg7 4. Nf3 e5 5. fxe5 Nxe5 6. Nxe5 Bxe5 7. Qf3 Nf6 8.
Bc4 d6 9. Nd5 Nxd5 10. Bxd5 O-O 11. O-O Qe7 12. c3 c6 13. Bb3 Be6 14. d4 Bg7
15. Bf4 Bxb3 16. axb3 a5 17. Qg3 Rfd8 18. Rae1 Qe6 19. Rf2 b5 20. Ref1 a4 21.
bxa4 bxa4 22. e5 dxe5 23. Bxe5 Rd7 24. Bxg7 Kxg7 25. Rf6 Qd5 26. Qf3 Rb7 27.
Rxc6 Qxf3 28. Rxf3 Rxb2 29. Rc7 a3 30. Rfxf7+ Kh6 31. Rxh7+ Kg5 32. Ra7 Re8 33.
h4+ Kg4 34. Rxa3 Re1+ 35. Kh2 Rbb1 0-1

[Event "Prebor DDM 2006 A"]
[Site "?"]
[Date "2006.11.29"]
[Round "9"]
[White "Sevcak, Frantisek"]
[Black "Kalab, Jaromir"]
[Result "1-0"]
[WhiteElo "2114"]
[BlackElo "1674"]
[PlyCount "51"]
[EventDate "2006.10.04"]
[SourceDate "2006.11.29"]

1. c4 e5 2. Nc3 Nf6 3. Nf3 Nc6 4. g3 d5 5. cxd5 Nxd5 6. Bg2 Be6 7. O-O Be7 8.
d3 Nxc3 9. bxc3 O-O 10. Rb1 Bxa2 11. Rxb7 Rb8 12. Rxb8 Qxb8 13. Qa4 Bd5 14. e4
Qb3 15. Qa6 Nb8 16. Qxa7 Bb7 17. Nxe5 Na6 {=} 18. Qe3 Qxc3 19. d4 Qc2 20. Bd2
Bd6 21. Rc1 Qa4 22. Nc4 Re8 23. Qd3 Nb4 24. Qb1 Qa8 25. Nxd6 cxd6 26. Qxb4 1-0

[Event "Prebor DDM 2006 A"]
[Site "?"]
[Date "2006.11.30"]
[Round "3"]
[White "Pokorny, Ondrej"]
[Black "Kalab, Jaromir"]
[Result "1/2-1/2"]
[WhiteElo "1942"]
[BlackElo "1674"]
[PlyCount "32"]
[EventDate "2006.10.04"]
[SourceDate "2006.11.30"]

1. e4 e5 2. Nf3 Nc6 3. Bb5 d6 4. d4 exd4 5. Nxd4 Bd7 6. Bxc6 bxc6 7. Nc3 Nf6 8.
O-O g6 9. Bg5 h6 10. Bh4 Be7 11. Qd2 Nxe4 12. Bxe7 Nxd2 13. Bxd8 Kxd8 14. Rfe1
Nc4 15. b3 Ne5 16. f4 Ng4 1/2-1/2

[Event "Prebor DDM 2006 A"]
[Site "?"]
[Date "2006.11.30"]
[Round "3"]
[White "Rakous, Pavel"]
[Black "Fica, Alexander"]
[Result "1-0"]
[WhiteElo "1998"]
[BlackElo "1805"]
[PlyCount "121"]
[EventDate "2006.10.04"]
[SourceDate "2006.11.30"]

1. Nf3 Nc6 2. Nc3 e5 3. e4 Nf6 4. d4 exd4 5. Nd5 Bb4+ 6. Nxb4 Nxb4 7. Nxd4 Nxe4
8. Bd3 Nxd3+ 9. cxd3 Nd6 10. O-O O-O 11. Bf4 Qf6 12. Bxd6 Qxd6 13. Qa4 c6 14.
Rfe1 b5 15. Nf5 Qf6 16. Qf4 Kh8 17. Qd6 Qxd6 18. Nxd6 a5 19. Nxf7+ Kg8 20. Nd6
Ba6 21. Re7 Rad8 22. a3 Rf6 23. Ne4 Re6 24. Rxe6 dxe6 25. Nc5 Bc8 26. b4 a4 27.
Re1 Kf7 28. Re3 Rd5 29. f4 h6 30. Kf2 Bd7 31. g4 Bc8 32. h4 Rd4 33. Re4 Rd5 34.
Ke3 Rd6 35. Re5 Rd5 36. Ne4 Ke7 37. Nc3 Rxe5+ 38. fxe5 Bd7 39. Ne4 Be8 40. Kf4
Bg6 41. Nc5 Be8 42. h5 Bf7 43. Ne4 Be8 44. Nd6 Bd7 45. d4 Be8 46. Ne4 Bf7 47.
Ng3 g5+ 48. hxg6 Bxg6 49. g5 hxg5+ 50. Kxg5 Bd3 51. Nh5 Bc4 52. Nf4 Bb3 53. Kg6
Bc4 54. Kg7 Bb3 55. Ng6+ Ke8 56. Kf6 Bc4 57. Nf4 Kd7 58. Kf7 Bb3 59. Ng6 Kd8
60. Nf8 Bc4 61. Kf6 1-0

[Event "Prebor DDM 2006 A"]
[Site "?"]
[Date "2006.11.30"]
[Round "7"]
[White "Sevcak, Frantisek"]
[Black "Zuna, Zdenek"]
[Result "1-0"]
[WhiteElo "2114"]
[BlackElo "1769"]
[PlyCount "111"]
[EventDate "2006.10.04"]
[SourceDate "2006.11.30"]

1. c4 g6 2. Nc3 Bg7 3. g3 Nf6 4. Bg2 d6 5. e4 e5 6. Nge2 O-O 7. O-O Re8 8. d3
c6 9. f4 h6 10. f5 g5 11. h3 Nbd7 12. Be3 Nb6 13. Kh2 d5 14. exd5 cxd5 15. Bxb6
Qxb6 16. cxd5 Bd7 17. Qd2 Rad8 18. Be4 a6 19. Rac1 Qd6 20. a3 Bc8 21. Qe3 b6
22. Na4 Nxd5 23. Bxd5 Qxd5 24. Nxb6 Qxd3 25. Qxd3 Rxd3 26. Rxc8 Rxc8 27. Nxc8
Rd2 28. Re1 Bf8 29. f6 Bc5 30. Ne7+ Kh7 31. Kg2 Rxb2 32. Kf3 Bxa3 33. Ng1 Bc5
34. h4 Rf2+ 35. Kg4 gxh4 36. Nf3 h5+ 37. Kxh4 Rxf3 38. Rxe5 Be3 39. Rxh5+ Bh6
40. Nf5 Kg6 41. Nxh6 Rf1 42. Kg4 Rc1 43. Rh2 Rc4+ 44. Kf3 Rc3+ 45. Kf4 Rc4+ 46.
Ke5 Rc5+ 47. Kd6 Rg5 48. Ng8 Rxg3 49. Ke7 Re3+ 50. Kf8 Rb3 51. Rh6+ Kg5 52.
Kxf7 Rb7+ 53. Kf8 a5 54. f7 a4 55. Ra6 Kf5 56. Kg7 1-0

[Event "Prebor DDM 2006 A"]
[Site "?"]
[Date "2006.11.30"]
[Round "3"]
[White "Hacaperka, Michal"]
[Black "Rakous, Pavel"]
[Result "1-0"]
[WhiteElo "1939"]
[BlackElo "1998"]
[PlyCount "81"]
[EventDate "2006.10.04"]
[SourceDate "2006.11.30"]

1. e4 d6 2. d4 Nf6 3. Nc3 c6 4. Be3 Qa5 5. Qd2 e5 6. O-O-O Nxe4 7. Nxe4 Qxa2 8.
Qc3 d5 9. Nc5 b6 10. Nb3 e4 11. Kd2 a5 12. Nc1 Qa1 13. Qb3 a4 14. Qa2 Qxa2 15.
Nxa2 b5 16. c3 Bd6 17. Nb4 f5 18. Ne2 O-O 19. Bf4 Bxf4+ 20. Nxf4 g5 21. Nh5 f4
22. Be2 g4 23. g3 f3 24. Bf1 a3 25. b3 a2 26. Ra1 Ra3 27. Kc2 e3 28. fxe3 Bf5+
29. Bd3 c5 30. Nxd5 Bxd3+ 31. Kxd3 c4+ 32. bxc4 bxc4+ 33. Kc2 Nc6 34. Kb2 Rb3+
35. Kc2 Ra8 36. Nhf6+ Kf7 37. Nxg4 Kg6 38. Rhf1 Kf5 39. h3 h5 40. Nh2 Ke6 41.
Nc7+ 1-0

[Event "Prebor DDM 2006 A"]
[Site "?"]
[Date "2006.12.06"]
[Round "10"]
[White "Rakous, Pavel"]
[Black "Nemec, Jan"]
[Result "1-0"]
[WhiteElo "1998"]
[BlackElo "1887"]
[PlyCount "79"]
[EventDate "2006.10.04"]
[SourceDate "2006.12.06"]

1. Nf3 Nf6 2. Nc3 Nc6 3. e4 e5 4. Bc4 Nxe4 5. Bxf7+ Kxf7 6. Nxe4 Be7 7. d4 exd4
8. Nxd4 Re8 9. O-O Kg8 10. Nf5 d5 11. Nxe7+ Nxe7 12. Ng5 h6 13. Qh5 hxg5 14.
Bxg5 Be6 15. Rae1 Bf7 16. Qh4 Ng6 17. Bxd8 Nxh4 18. Bxh4 Rxe1 19. Rxe1 Re8 20.
Rxe8+ Bxe8 21. c3 Kf7 22. f4 Ke6 23. g4 g6 24. Bf2 b6 25. b4 a5 26. bxa5 bxa5
27. Bc5 Bb5 28. Kf2 Bc4 29. a3 a4 30. Kg3 Bd3 31. Kh4 Kf6 32. Bd4+ Ke6 33. Kg5
c6 34. h4 Bb1 35. Bc5 Bd3 36. h5 gxh5 37. f5+ Ke5 38. Bd4+ Kd6 39. gxh5 Ke7 40.
Kg6 1-0

[Event "Prebor DDM 2006 A"]
[Site "?"]
[Date "2006.12.06"]
[Round "10"]
[White "Kalab, Jaromir"]
[Black "Zuna, Zdenek"]
[Result "1/2-1/2"]
[WhiteElo "1674"]
[BlackElo "1769"]
[PlyCount "51"]
[EventDate "2006.10.04"]
[SourceDate "2006.12.06"]

1. e4 d5 2. exd5 Nf6 3. c4 c6 4. dxc6 Nxc6 5. Nf3 e5 6. Nc3 Bc5 7. Be2 O-O 8.
O-O Bf5 9. d3 Qb6 10. Na4 Qa5 11. Nxc5 Qxc5 12. Be3 Qe7 13. Re1 Rad8 14. Nh4
Bxd3 15. Bxd3 e4 16. Bg5 Rxd3 17. Qxd3 exd3 18. Rxe7 Nxe7 19. Rd1 Rd8 20. Nf3
Nc6 21. Ne1 Ne5 22. b3 Re8 23. Bxf6 gxf6 24. f4 Nc6 25. Kf2 Re2+ 26. Kf1
1/2-1/2

[Event "Prebor DDM 2006 A"]
[Site "?"]
[Date "2006.12.06"]
[Round "10"]
[White "Hacaperka, Michal"]
[Black "Hrdina, Jiri"]
[Result "1/2-1/2"]
[WhiteElo "1939"]
[BlackElo "1920"]
[PlyCount "43"]
[EventDate "2006.10.04"]
[SourceDate "2006.12.06"]

1. e4 e6 2. d4 d5 3. Nd2 c5 4. c3 Nc6 5. dxc5 Bxc5 6. Nb3 Bb6 7. exd5 Qxd5 8.
Qxd5 exd5 9. Nf3 Nge7 10. Bf4 f6 11. a4 a6 12. a5 Ba7 13. Nbd4 Nxd4 14. Nxd4
Nf5 15. Nxf5 Bxf5 16. Rd1 Rd8 17. Bd3 Be4 18. Bxe4 dxe4 19. Ke2 Ke7 20. Be3
Bxe3 21. Kxe3 f5 22. f3 1/2-1/2

[Event "Prebor DDM 2006 A"]
[Site "?"]
[Date "2006.12.06"]
[Round "10"]
[White "Pokorny, Ondrej"]
[Black "Vlach, Karel"]
[Result "1/2-1/2"]
[WhiteElo "1942"]
[BlackElo "1893"]
[PlyCount "89"]
[EventDate "2006.10.04"]
[SourceDate "2006.12.06"]

1. e4 Nc6 2. d4 d5 3. exd5 Qxd5 4. Nf3 e5 5. c4 Qe4+ 6. Be3 Bb4+ 7. Nc3 exd4 8.
Nxd4 Bg4 9. Qd2 Bxc3 10. Qxc3 Nxd4 11. Qxd4 Qxd4 12. Bxd4 f6 13. f3 Bf5 14. a4
a5 15. O-O-O O-O-O 16. Be2 Ne7 17. Bc3 b6 18. Rxd8+ Rxd8 19. Rd1 Rxd1+ 20. Kxd1
Bd7 21. b3 Nf5 22. Kd2 Bc6 23. g3 Nd6 24. c5 Nb7 {=} 25. cxb6 cxb6 26. Bd4 Nc5
27. Kc3 Bd5 28. f4 Kc7 29. Bd1 Na6 30. Bc2 h6 31. g4 Nb4 32. Bd1 Be6 33. g5
Nd5+ 34. Kd2 hxg5 35. fxg5 fxg5 36. Bxg7 Kd6 37. Bd4 Bd7 38. Be2 Kc7 39. Be5+
Kb7 40. Bc4 Be6 41. Be2 Kc6 42. Bf3 Kc5 43. Bg7 b5 44. Bf8+ Kb6 45. axb5
1/2-1/2

[Event "Prebor DDM 2006 A"]
[Site "?"]
[Date "2006.12.06"]
[Round "10"]
[White "Fica, Alexander"]
[Black "Sevcak, Frantisek"]
[Result "1/2-1/2"]
[WhiteElo "1805"]
[BlackElo "2114"]
[PlyCount "82"]
[EventDate "2006.10.04"]
[SourceDate "2006.12.07"]

1. c4 c5 2. Nf3 Nc6 3. e4 g6 4. d4 cxd4 5. Nxd4 Bg7 6. Nxc6 bxc6 7. Nd2 d6 8.
Bd3 Nf6 9. O-O O-O 10. Rb1 Be6 11. b3 Qa5 12. a3 Rfd8 13. b4 Qc7 14. Qc2 Rac8
15. f4 d5 16. e5 Ng4 17. Nf3 dxc4 18. Bxc4 Qb6+ 19. Kh1 Bxc4 20. Qxc4 Nf2+ 21.
Kg1 Nd1+ 22. Kh1 Rd5 23. h3 Rcd8 24. Ng5 Nf2+ 25. Kh2 h6 26. Nf3 Nd1 27. Re1
Rd3 28. Rb3 R3d5 29. Be3 Nxe3 30. Rbxe3 e6 31. Rc3 c5 32. b5 Bf8 33. a4 Qa5 34.
Rec1 Be7 35. Qa2 a6 36. bxa6 Ra8 37. Rc4 Rxa6 38. Qc2 Rb6 39. Rb1 Rd7 40. Rxb6
Qxb6 41. Nd2 Qa5 1/2-1/2

[Event "Prebor DDM 2006 A"]
[Site "?"]
[Date "2006.12.07"]
[Round "11"]
[White "Vlach, Karel"]
[Black "Schmidt, Karel"]
[Result "1-0"]
[WhiteElo "1893"]
[BlackElo "1634"]
[PlyCount "35"]
[EventDate "2006.10.04"]
[SourceDate "2006.12.07"]

1. d4 d5 2. c4 e6 3. Nf3 Nf6 4. g3 Nbd7 5. Qc2 Bb4+ 6. Bd2 a5 7. a3 Be7 8. Nc3
c5 9. Nb5 Qb6 10. Bf4 O-O 11. a4 dxc4 12. Bg2 Nd5 13. Bg5 f6 14. Bd2 cxd4 15.
Qxc4 Bc5 16. O-O Kh8 17. Rac1 Qc6 18. Nfxd4 1-0

[Event "Prebor DDM 2006 A"]
[Site "Profinit"]
[Date "2006.12.07"]
[Round "7"]
[White "Nemec, Jan"]
[Black "Kalab, Jaromir"]
[Result "1/2-1/2"]
[WhiteElo "1887"]
[BlackElo "1670"]
[PlyCount "144"]
[EventDate "2006.12.07"]

1. e4 e5 2. Nf3 Nc6 3. Bc4 Nf6 4. Ng5 d5 5. exd5 Nxd5 6. d4 Be7 7. Nxf7 Kxf7 8.
Qf3+ Ke8 9. Bxd5 Nxd4 10. Qf7+ Kd7 11. O-O c6 12. Be4 Qf8 13. Qh5 Qf6 14. Be3
g6 15. Qd1 Kc7 16. Nc3 Bf5 17. Bxf5 gxf5 18. Bxd4 exd4 19. Ne2 Bc5 20. Qd3 f4
21. Qf3 Raf8 22. Rad1 h5 23. b4 Bxb4 24. Rxd4 Bd6 25. Rfd1 Be5 26. Rd7+ Kc8 27.
Qh3 Kb8 28. Qb3 Bc7 29. Rb1 b6 30. Qf3 Rd8 31. Rxd8+ Rxd8 32. Nc3 h4 33. Ne4
Qg6 34. h3 Qe6 35. Re1 Qxa2 36. Ng5 Qxc2 37. Ne6 Qd2 38. Ra1 Re8 39. Qxc6 Rc8
40. Rc1 Qd6 41. Qc4 a5 42. Qb3 f3 43. Nxc7 Rxc7 44. Rxc7 Qxc7 45. Qxf3 Qc1+ 46.
Kh2 Qc7+ 47. Kg1 a4 48. Qf8+ Kb7 49. Qf3+ Qc6 50. Qf7+ Ka6 51. g4 hxg3 52. fxg3
Qc1+ 53. Kg2 Qb2+ 54. Kg1 a3 55. Qc4+ Ka5 56. Qd5+ Qb5 57. Qa8+ Kb4 58. h4 Qc5+
59. Kh1 Kb3 60. Qg8+ Qc4 61. Qg5 Qf1+ 62. Kh2 Qf2+ 63. Kh3 a2 64. Qd5+ Kb2 65.
Qb5+ Kc1 66. Qc4+ Qc2 67. Qf1+ Kb2 68. Qb5+ Qb3 69. Qe2+ Kc3 70. h5 Kb4 71.
Qe7+ Kc3 72. h6 Kd2 1/2-1/2

[Event "Prebor DDM 2006 A"]
[Site "?"]
[Date "2006.12.13"]
[Round "11"]
[White "Hacaperka, Michal"]
[Black "Nemec, Jan"]
[Result "1/2-1/2"]
[WhiteElo "1939"]
[BlackElo "1887"]
[PlyCount "62"]
[EventDate "2006.10.04"]
[SourceDate "2006.12.13"]

1. e4 e5 2. Nf3 Nc6 3. Bb5 a6 4. Ba4 Nf6 5. O-O Nxe4 6. d4 b5 7. Bb3 d5 8. dxe5
Be6 9. c3 Bc5 10. Nbd2 Nxd2 11. Bxd2 O-O 12. Bc2 h6 13. Bf4 Ne7 14. Nd4 Bxd4
15. cxd4 Bf5 16. Rc1 Bxc2 17. Rxc2 c6 18. Bd2 a5 19. b4 a4 20. f4 f5 21. a3 Qd7
22. Qh5 Qe6 23. Rf3 Ra6 24. Be1 Kh7 25. Rfc3 Rb8 26. Bh4 g6 27. Qf3 Nc8 28. Qh3
Rb7 29. Bg5 h5 30. Qh4 Rc7 31. Bf6 Rf7 1/2-1/2

[Event "Prebor DDM 2006 A"]
[Site "?"]
[Date "2006.12.13"]
[Round "11"]
[White "Krivanek, Vladimir"]
[Black "Zuna, Zdenek"]
[Result "1-0"]
[WhiteElo "2122"]
[BlackElo "1769"]
[PlyCount "47"]
[EventDate "2006.10.04"]
[SourceDate "2006.12.13"]

1. e4 e5 2. Bc4 Nf6 3. d4 exd4 4. Nf3 Nc6 5. Nxd4 Ne5 6. Bb3 c5 7. Nf3 c4 8.
Nxe5 Qa5+ 9. Nc3 cxb3 10. Bf4 Nxe4 11. O-O Nxc3 12. bxc3 d5 13. Re1 Be6 14.
axb3 Qxc3 15. Qe2 Qc8 16. Qb5+ Kd8 17. Rad1 Bd6 18. Rxd5 Bxd5 19. Qxd5 Kc7 20.
Qxf7+ Kb8 21. Nd7+ Kc7 22. Bxd6+ Kc6 23. c4 Re8 24. Qd5+ 1-0

[Event "Prebor DDM 2006 A"]
[Site "?"]
[Date "2006.12.13"]
[Round "11"]
[White "Pokorny , Ondrej"]
[Black "Kottek, Eduard"]
[Result "1-0"]
[WhiteElo "1942"]
[BlackElo "1871"]
[PlyCount "91"]
[EventDate "2006.10.04"]
[SourceDate "2006.12.13"]

1. e4 c5 2. Nf3 Nc6 3. d4 cxd4 4. Nxd4 Nf6 5. Nc3 e5 6. Ndb5 d6 7. Bg5 a6 8.
Na3 Be6 9. Bxf6 gxf6 10. Bc4 b5 11. Bxe6 fxe6 12. Qh5+ Ke7 13. Ne2 Qe8 14. Qf3
Bh6 15. Rd1 Rd8 16. O-O Rg8 17. c3 Qg6 18. Nc2 Na5 19. Nb4 Ra8 20. b3 Rgc8 21.
Rd3 Nb7 22. Rfd1 a5 23. Nc2 Rc6 24. Qh3 Nc5 25. Rg3 Bg5 26. f4 Nxe4 27. fxg5
Nxg5 28. Rxg5 fxg5 29. Qd3 Qxd3 30. Rxd3 Rf8 31. Ne3 h5 32. c4 b4 33. Ng3 a4
34. Nc2 axb3 35. axb3 Ra6 36. h3 h4 37. Nf1 Ra2 38. Nfe3 Rb2 39. Nxb4 Rb1+ 40.
Kh2 Rf2 41. Nc6+ Kd7 42. Nxe5+ Ke7 43. Nc6+ Kd7 44. Nd4 Rfb2 45. Nd1 Ra2 46.
Nc3 1-0

[Event "Prebor DDM 2006 A"]
[Site "?"]
[Date "2006.12.13"]
[Round "11"]
[White "Rakous, Pavel"]
[Black "Sevcak, Frantisek"]
[Result "0-1"]
[WhiteElo "1998"]
[BlackElo "2114"]
[PlyCount "132"]
[EventDate "2006.10.04"]
[SourceDate "2006.12.13"]

1. Nf3 c5 2. g3 Nc6 3. Bg2 d5 4. c4 e6 5. O-O Nf6 6. b3 Be7 7. e3 O-O 8. d4 Qc7
9. Nbd2 cxd4 10. exd4 Rd8 11. Bb2 b6 12. a3 Bb7 13. Rc1 Rac8 14. Rc2 dxc4 15.
bxc4 Na5 16. Qa1 b5 17. c5 Bd5 18. Re1 Qb7 19. Bc3 Nc6 20. Bf1 a5 21. Ne5 Ra8
22. Rb1 b4 23. Ndc4 Nxe5 24. Nxe5 Qc7 25. Bb2 Be4 26. Bd3 Bxd3 27. Nxd3 Nd5 28.
Ne5 Rdb8 29. Rbc1 Qb7 30. c6 Qb5 31. c7 Rc8 32. axb4 Bxb4 33. Ba3 Qb7 34. Nc6
Rxc7 35. Bxb4 axb4 36. Qb2 Rac8 37. Ne5 g6 38. Nd3 Rxc2 39. Rxc2 Rxc2 40. Qxc2
Kg7 41. Nc5 Qb5 42. h4 h5 43. Kg2 Nc3 44. Qd2 Qc4 45. Qf4 Qd5+ 46. f3 Ne2 47.
Qe5+ Qxe5 48. dxe5 Nd4 49. Kf2 Nc6 50. f4 Nd4 51. Ke3 Nf5+ 52. Kf3 Kf8 53. Nb3
Ke7 54. Kg2 Kd7 55. Kh3 Ne3 56. Nd4 Nf5 57. Nb3 Kc6 58. g4 Nh6 59. gxh5 gxh5
60. Kg2 Kd5 61. Nd2 Kd4 62. Kf3 Nf5 63. Nb3+ Kc3 64. Nc5 b3 65. Ne4+ Kc2 66.
Nd6 b2 0-1

[Event "Prebor DDM 2006 A"]
[Site "Kiev"]
[Date "2006.12.14"]
[Round "12"]
[White "Zuna, Zdenek"]
[Black "Rakous, Pavel"]
[Result "1/2-1/2"]
[WhiteElo "1769"]
[BlackElo "1998"]
[Annotator "Rakous,Pavel"]
[PlyCount "45"]
[EventDate "1964.12.26"]
[EventType "tourn"]
[EventRounds "19"]
[EventCountry "URS"]
[Source "ChessBase"]

1. e4 d5 2. exd5 Nf6 3. c4 c6 4. d4 cxd5 5. Nc3 Nc6 6. Nf3 e6 7. c5 Ne4 8. Qc2
Qa5 9. Bb5 Nxc3 10. Bxc6+ bxc6 11. Bd2 Qa6 12. Bxc3 f6 13. b4 Be7 14. a4 O-O
15. Qe2 Rb8 16. Qxa6 Bxa6 17. Rb1 (17. Kd2 e5 18. b5 cxb5 19. axb5 Bxb5 20.
Rxa7 Rfe8 21. Rb1 e4 22. Nh4 Bf8 23. Nf5 g6 24. Ne3 Bh6 25. Ba5 Bc6 26. Rxb8
Rxb8 27. Kc3 Rc8 28. g3 f5 29. h4 Bg7 30. Bb6 Bf6 31. Ng2 Ra8 32. Rxa8+ Bxa8
33. Bc7 Kf7 34. Be5 Bd8 35. Kb4 Bc6) 17... e5 18. dxe5 Bxc5 19. exf6 gxf6 (
19... Rxf6 20. Kd2 Bxf2 21. Bxf6 Bc5) 20. Nd4 Rfe8+ 21. Kd2 Bxd4 22. Bxd4 Re2+
23. Kc3 1/2-1/2